| 000 | 00656nam a2200217Ia 4500 | ||
|---|---|---|---|
| 001 | 4193 | ||
| 003 | GE_BSU | ||
| 008 | 181216s||||||||xx |||||||||||||| ||und|| | ||
| 040 | _cGE_BSU | ||
| 080 | _a665.4(03) | ||
| 100 | _aКушниренко,К.Ф. | ||
| 245 | _aКраткий справочник по горючему. | ||
| 245 | _cРед.B.C Жидков. | ||
| 250 | _aИзд. третье, переработанное и дополненное. | ||
| 260 | _aМ. | ||
| 260 | _bВоениздат. | ||
| 260 | _c1979. | ||
| 300 | _a381 стр. 17 см. | ||
| 653 | _aКраткий справочник по горючему. | ||
| 942 | _cBK | ||
| 999 |
_c38203 _d38203 |
||